La mujer fragmentada : historias de un signo /
Saved in:
| Main Author: | |
|---|---|
| Format: | Book |
| Language: | Spanish |
| Published: |
Ciudad de La Habana, Cuba :
Casa de las Américas,
1994
|
| Series: | Ensayo (Casa de las Américas)
|
| Subjects: | |
| Tags: |
Add Tag
No Tags, Be the first to tag this record!
|
| LEADER | 01270aam a2200325 a 4500 | ||
|---|---|---|---|
| 001 | 005756875-8 | ||
| 005 | 20020606163548.3 | ||
| 008 | 950822s1994 cu b 000 0 spa d | ||
| 010 | |a 95194524 | ||
| 020 | |a 9590400280 | ||
| 035 | 0 | |a ocm32896342 | |
| 040 | |a FU |c FU |d IU |d DLC | ||
| 042 | |a lccopycat | ||
| 050 | 0 | 0 | |a HQ1190 |b .G83 1994 |
| 082 | 0 | 0 | |a 305.42/01 |2 20 |
| 100 | 2 | |a Guerra-Cunningham, Lucía. | |
| 245 | 1 | 3 | |a La mujer fragmentada : |b historias de un signo / |c Lucía Guerra. |
| 260 | |a Ciudad de La Habana, Cuba : |b Casa de las Américas, |c 1994 |e (Bogotá, Colombia : |f Litocamargo Ltda.) | ||
| 300 | |a 204 p. ; |c 20 cm. | ||
| 490 | 1 | |a Ensayo | |
| 500 | |a "Premio Casa de las Américas 1994" | ||
| 500 | |a "Premio extraordinario de estudios sobre la mujer" | ||
| 500 | |a "Este libro es fruto de la colaboración entre el Instituto colombiano de Cultura (Colcutura) y la Casa de las Américas, de Cuba"--P. [6]. | ||
| 504 | |a Includes bibliographical references (p. [193]-204). | ||
| 505 | 0 | |a Ejes de la territorialidad patriarcal -- Fronteras y antifaces del signo mujer -- En el flujo heterogéneo de la liberación. | |
| 650 | 0 | |a Feminist theory. | |
| 650 | 0 | |a Feminism. | |
| 830 | 0 | |a Ensayo (Casa de las Américas) | |
| 988 | |a 20020608 | ||
| 906 | |0 OCLC | ||


